ბათუმის შოთა რუსთაველის სახელმწიფო უნივერსიტეტის ბიბლიოთეკა

Review of Ophthalmology / (ბიბ.ჩანაწერი № 57423)

000 -LEADER
fixed length control field 00727nam a22002177a 4500
005 - DATE AND TIME OF LATEST TRANSACTION
control field 20220927153822.0
008 - FIXED-LENGTH DATA ELEMENTS--GENERAL INFORMATION
fixed length control field 200618s2018 eng||||| |||| 00| 0 enk d
020 ## - INTERNATIONAL STANDARD BOOK NUMBER
International Standard Book Number 9780323794183
041 ## - LANGUAGE CODE
Language code of text/sound track or separate title eng
080 ## - UNIVERSAL DECIMAL CLASSIFICATION NUMBER
Universal Decimal Classification number 617.7 F-92
100 ## - MAIN ENTRY--PERSONAL NAME
Personal name Friedman, Neil J.
9 (RLIN) 8540
245 ## - TITLE STATEMENT
Title Review of Ophthalmology /
Statement of responsibility, etc. Neil Friedman, Peter Kaiser, William Trattler.
264 ## - PRODUCTION, PUBLICATION, DISTRIBUTION, MANUFACTURE, AND COPYRIGHT NOTICE
Place of production, publication, distribution, manufacture Edinburgh :
Name of producer, publisher, distributor, manufacturer Elsevier,
Date of production, publication, distribution, manufacture, or copyright notice 2018.
300 ## - PHYSICAL DESCRIPTION
Extent 412 p. ;
Other physical details 28 cm.
653 ## - INDEX TERM--UNCONTROLLED
keyword თვალის დაავადებები
653 ## - INDEX TERM--UNCONTROLLED
keyword ოფთალმოლოგია
653 ## - INDEX TERM--UNCONTROLLED
keyword მედიცინა
700 ## - ADDED ENTRY--PERSONAL NAME
Personal name Kaiser, Peter
Relator term ავტორი
9 (RLIN) 8541
700 ## - ADDED ENTRY--PERSONAL NAME
Personal name Trattler, William
Relator term ავტორი
9 (RLIN) 8542
942 ## - ADDED ENTRY ELEMENTS (KOHA)
Source of classification or shelving scheme
Koha item type წიგნი
ეგზემპლარები
Withdrawn status Lost status Source of classification or shelving scheme Damaged status Not for loan Permanent Location Current Location Shelving location Date acquired Cost, normal purchase price Full call number Barcode Date last seen Copy number Price effective from Koha item type Public note
          ბათუმის შოთა რუსთაველის სახელმწიფო უნივერსიტეტის მთავარი ბიბლიოთეკა ბათუმის შოთა რუსთაველის სახელმწიფო უნივერსიტეტის მთავარი ბიბლიოთეკა წიგნსაცავი 2020-06-18 222.00 617.7 F-92 60617 2020-06-18 60617 2020-06-18 წიგნი 222 ლ.